Státní programy na ochranu životního prostředí jako nástroje agrární politiky ochrany životního prostředí v Německu

Štátny program na ochranu životného prostredia v SRN. Celoplošná realizácia podporného programu a jeho financovanie na základe nariadenia ES. Jednotlivé opatrenia zmluvnej ochrany prírody. Plošné programy ochrany prírody v SRN. Efektívnosť ekologických opatrení.

Guardado en:
Detalles Bibliográficos
Autor principal: Moudrý, J.
Formato: Capítulo de libro
Lenguaje:checo
Materias:
Etiquetas: Agregar Etiqueta
Sin Etiquetas, Sea el primero en etiquetar este registro!

MARC

LEADER 00000naa a2200000 4500
001 r026921
005 20230922110349.7
041 0 |a cze 
044 |a CZ 
245 1 0 |a Státní programy na ochranu životního prostředí jako nástroje agrární politiky ochrany životního prostředí v Německu  |c J. Moudrý 
520 |a Štátny program na ochranu životného prostredia v SRN. Celoplošná realizácia podporného programu a jeho financovanie na základe nariadenia ES. Jednotlivé opatrenia zmluvnej ochrany prírody. Plošné programy ochrany prírody v SRN. Efektívnosť ekologických opatrení. 
610 2 0 |a politika poľnohospodárska 
610 2 0 |a programy rozvojové 
610 2 0 |a Nemecko 
610 2 0 |a ochrana prostredia životného 
610 2 0 |a ochrana prírody 
100 1 |a Moudrý, J.